000 00538nam a2200121Ia 4500
008 231221s9999 xx 000 0 und d
041 _aEnglish
082 _aQPMBBSUG04-1783
245 0 _aMicrobiology (Virology, Mycology and Parasitology) (New Regulations) Paper-II [e resource : question paper] : Second MBBS degree exam, Apr/May 2004 (506-B)
260 _c2004/05
_bNTRU
_aAndra Pradesh
650 _aMicrobiology,(Virology,,Mycology,Parasitology),(New,Regulations),Paper-II,[e,:,paper],:,MBBS,exam,,Apr/May,2004,(506-B)
942 _cDL
999 _c205656
_d205656